| 000 | 00746nam a2200205Ia 4500 | ||
|---|---|---|---|
| 005 | 20251020182525.0 | ||
| 008 | 200515s9999 xx 000 0 und d | ||
| 082 | _a691.330.6/G71 | ||
| 100 | _aGONZALES SANDOVAL, Federico | ||
| 245 | 0 | _aManual de supervisión de obras de concreto | |
| 250 | _a2a ed. | ||
| 260 | _aMéxico, D.F. | ||
| 260 | _c2000 | ||
| 500 | _a1 ejemplar | ||
| 520 | _aLa organización del manual permitirá al supervisor prever los suministros de acuerdo con su programa y sus especificaciones, verificar la calidad de los materiales y de la mano de obra, planear y controlar sus procedimientos de trabajo, verificar el trazo | ||
| 650 | _aCONCRETO | ||
| 650 | _aLIB | ||
| 650 | _aSUPERVISION DE OBRAS | ||
| 942 | _cLIB | ||
| 999 |
_c1878 _d1878 |
||